Figure Skating Men’s World Champions - Statistics

General Stats
  • This quiz has been taken 128 times
  • The average score is 12 of 24
Answer Stats
Hint Answer % Correct
2024 Ilia Malinin
95%
2017 Yuzuru Hanyu
81%
2019 Nathan Chen
77%
2014 Yuzuru Hanyu
77%
2021 Nathan Chen
76%
2018 Nathan Chen
75%
2023 Shoma Uno
63%
2022 Shoma Uno
61%
2016 Javier Fernandez
58%
2015 Javier Fernandez
57%
2013 Patrick Chan
51%
2012 Patrick Chan
47%
2003 Evgeni Plushenko
46%
2004 Evgeni Plushenko
46%
2001 Evgeni Plushenko
45%
2011 Patrick Chan
44%
2000 Alexei Yagudin
37%
2002 Alexei Yagudin
35%
2006 Stephane Lambiel
26%
2010 Daisuke Takahashi
25%
2009 Evan Lysacek
25%
2005 Stephane Lambiel
25%
2007 Brian Joubert
22%
2008 Jeffrey Buttle
22%
No matching quizzes found
Score Distribution
Percent of People with Each Score
Percentile by Number Answered
Your Score History
You have not taken this quiz